| 000 | 00800nam a2200241 i 4500 | ||
|---|---|---|---|
| 003 | DO-SdBNP | ||
| 005 | 20240118131632.0 | ||
| 006 | a||||gr|||| 00| 0 | ||
| 007 | ta | ||
| 008 | 240117q190? |||a|||| |||| 00| 0 spa d | ||
| 040 |
_aDO-SdBNP _bspa _cBNPHU _erda |
||
| 082 | 4 |
_222 _bA184d |
|
| 245 | 0 | 0 |
_aAclaraciones y documentos: _blibro cuarto. |
| 264 |
_a[sin lugar] _b[sin editora] _c[190?] |
||
| 300 |
_a10 páginas : _bIlustraciones ; _c29 cm. |
||
| 336 |
_2rdacontent _atexto _brda |
||
| 337 |
_2rdamedia _asin mediación _bn |
||
| 338 |
_2rdacarrier _avolumen _bnc |
||
| 500 | _aFragmento del Libro Cuarto de Cristóbal Colón, páginas 362 - 380 | ||
| 500 | _aDocumento referente a la preparación del tercer viaje de Cristóbal Colón. | ||
| 590 | _aInventariado 2024 / MF | ||
| 942 |
_2ddc _cLF2 |
||
| 999 |
_c55707 _d55707 |
||